00721nam a22002057a 4500003000400000005001700004008004100021020001800062040002900080050002500109245005900134260002700193300001200220650003200232650003400264700002400298942001500322952016100337999001700498OSt20260609144659.0260609b |||||||| |||| 00| 0 eng d a9781416609407 cChuka University Library aLB 2806.15b.C8 2010 aCurriculum 21:Essential Education for a Changing World aAlexandriabASCDc2010 ax, 251P aCurriculum Planning 911855 aEducational Technology913421 aJacobs Heidi927989 2lcccBKn0 00102lcc40708LGLaCHKbCHKcGENd2026-06-09eDonations from Books for Africal0oLB 2806.15 .C8 2010p33485/2026r2026-06-09 14:49:44t1w2026-06-09yBK c23677d23677